French tenses and verbs quiz - Statistics

General Stats
  • This quiz has been taken 69 times
  • The average score is 36 of 63
Answer Stats
Question Tile Select % Correct
Pick the tenses that are in the past tense le passé composé Yes
100%
Pick the tenses that are in the past tense le conditionnel présent No
98%
Pick the tenses that are in the past tense le futur No
97%
Pick the tenses that are in the past tense le futur simple No
97%
Pick the tenses that are in the past tense le présent No
97%
Pick the tenses that are in the past tense le subjonctif No
94%
Pick the tenses that are in the past tense le passé recent Yes
89%
Pick the tenses that are in the past tense le passé simple Yes
89%
Pick the tenses that are in the future tense le present No
87%
Pick the tenses that are in the future tense le passé composé No
85%
Which tenses are in the present tense? le futur antérieur No
82%
Pick the tenses that are in the future tense le futur proche Yes
82%
Pick the tenses that are in the future tense le futur simple Yes
82%
Which tenses are in the present tense? le futur simple No
82%
Pick the tenses that are in the past tense le passé infitif Yes
82%
Pick the tenses that are in the past tense Le conditionnel passé Yes
81%
Which tenses are in the present tense? le présent Yes
81%
Pick the tenses that are in the future tense l'imparfait No
81%
Which tenses are in the present tense? le futur proche No
79%
Pick the tenses that are in the future tense le futur antérieur Yes
77%
Pick the tenses that are in the future tense le plus-que-parfait No
77%
Which conjugations of the verb 'faire' are correct? je fais Yes
76%
Which conjugations of the verb 'faire' are correct? tu feriez No
76%
Which tenses are in the present tense? le passé recent No
74%
Pick the tenses that are in the past tense l'imparfait Yes
74%
Which conjugations of the verb 'faire' are correct? je ferais Yes
66%
Which conjugations of the verb 'faire' are correct? ils/elles avaient fait Yes
60%
Which tenses are in the present tense? le plus-que-parfait No
58%
Pick the tenses that are in the past tense le plus-que-parfait Yes
56%
Which tenses are in the present tense? le gérondif Yes
55%
Which conjugations of the verb 'faire' are correct? tu faisait No
55%
Which conjugations of the verb 'faire' are correct? tu fera No
55%
Which verbs are not in 'le futur proche'? ils/elles vont choisir No
53%
Which verbs are not in 'le futur proche'? nous allons aller No
52%
Which verbs are not in 'le futur proche'? vous allez jouer No
50%
Which verbs are not in 'le futur proche'? je vais utiliser No
48%
Which conjugations of the verb 'faire' are correct? vous faisez No
48%
Which verbs are not in 'le futur proche'? je devrais Yes
45%
Which verbs are not in 'le futur proche'? je voie Yes
45%
Which verbs are not in 'le futur proche'? je dirais Yes
42%
How do you form the recent past? je juste + infinitive No
42%
How do you form the recent past? en train de + infinitive No
40%
Which conjugations of the verb 'faire' are correct? nous fassions Yes
40%
Which verbs are not in 'le futur proche'? j'aurai mis Yes
39%
Which verbs are not in 'le futur proche'? je ferai Yes
39%
Which verbs are correctly in 'le subjonctif'? je prends No
39%
Which verbs are correctly in 'le subjonctif'? en choisissant No
37%
Which verbs are correctly in 'le subjonctif'? ils/elles fassent Yes
37%
Which verbs are not in 'le futur proche'? j'aurai pu Yes
37%
Which verbs are not in 'le futur proche'? je pourrai Yes
35%
Which tenses are in the present tense? le conditionnel Yes
35%
Which verbs are correctly in 'le subjonctif'? nous avons dû No
35%
Which verbs are not in 'le futur proche'? je serai venu Yes
32%
How do you form the recent past? venir de + infinitive Yes
32%
Which verbs are correctly in 'le subjonctif'? vous venez No
32%
Which verbs are correctly in 'le subjonctif'? vous ayez Yes
27%
Which verbs are correctly in 'le subjonctif'? je puisses No
26%
Which tenses are in the present tense? le subjonctif No
26%
Pick the tenses that are in the future tense le conditionnel Yes
24%
Which verbs are correctly in 'le subjonctif'? tu soit No
24%
Which conjugations of the verb 'faire' are correct? il/elle/on fit Yes
19%
Which verbs are correctly in 'le subjonctif'? il/elle/on joue Yes
19%
Pick the tenses that are in the future tense le subjonctif Yes
16%
No matching quizzes found
Score Distribution
Percent of People with Each Score
Percentile by Number Answered
Your Score History
You have not taken this quiz